00405nam a2200145Ia 450000500170000000800460001703700120006304000200007504100130009508400220010810000180013024500550014826000480020330000080025120250508152422.0008 250505s9999 xx 000 0 eng d aTextual aFEDLbengcFEDL aeng2eng a371.95, MORqFEDL aWorcester D A 0aEducation of children of above - average mentality aLincolnbUniversity of Nebraska Pressc1956 a68p